000 00648nam a2200241Ia 4500
003 OSt
005 20220916110946.0
006 a|||||r|||| 00| 0
007 ta
008 220915b |||||||| |||| 00| 0 eng d
024 _a33545
037 _cTextbook
040 _beng
_aARTS
_cARTS
041 _aeng
082 _aO111,6L09:g, K1
100 _aBate Walter Jackson
245 0 _aAchievement of Samuel Johnson
260 _aLondon
_bOxford University Press UK
300 _axi,248p.
_ccm.
650 _aENGLISH LITERATURE
942 _hO111,6L09:g, K1
_cTB
_2CC
999 _c102294
_d102294